| 000 | 00541nam a2200229Ia 4500 | ||
|---|---|---|---|
| 003 | IT-RoPAU | ||
| 008 | 120407s9999 xx 000 0 und d | ||
| 040 | _aIT-RoPAU | ||
| 040 | _cIT-RoPAU | ||
| 041 | _aita | ||
| 100 | _aRomano Penna | ||
| 245 | _aUna fede per vivere. Seguendo il filo della Lettera ai Romani | ||
| 250 | _aCinisello Balsamo | ||
| 260 | _aEdizioni Paoline | ||
| 260 | _c1992 | ||
| 300 | _a203 p. | ||
| 300 | _c18 cm | ||
| 490 | _aFrammenti di saggezza biblica | ||
| 490 | _v9 | ||
| 942 | _cBK | ||
| 999 |
_c28468 _d28468 |
||